|
|
|
|
| LEADER |
01379nam a2200301 a 4500 |
| 001 |
12038079 |
| 008 |
100428r1999 ch a 001 0 eng d |
| 010 |
|
|
|a \\\00268166
|
| 020 |
|
|
|a 1565924878
|
| 020 |
|
|
|a 1565924886
|
| 020 |
|
|
|a 8173661065
|
| 040 |
|
|
|a UKM
|c UKM
|d CSJ
|d OKJ
|d TXA
|d DLC
|d BD-DhAAL
|
| 082 |
0 |
0 |
|a 005.13/3
|2 21
|
| 100 |
1 |
|
|a Flanagan, David.
|
| 245 |
1 |
0 |
|a Java foundation classes in a nutshell :
|b a desktop quick reference /
|c David Flanagan.
|
| 250 |
|
|
|a 3rd ed.
|
| 260 |
|
|
|a Beijing ;
|a Sebastopol :
|b O'Reilly ;
|a New Delhi :
|b Shroff Publishers & Distributors Pvt. Ltd.,
|c 1999 [reprinted].
|
| 300 |
|
|
|a xviii, 648 p. :
|b ill. ;
|c 22 cm.
|
| 490 |
1 |
|
|a The Java series
|
| 520 |
|
|
|a Intended for Java programmers writing applications or applets involving graphics or graphical user interfaces and is a companion to the book entitled, "Java in a Nutshell, 3rd ed."
|
| 504 |
|
|
|a Includes indexes.
|
| 541 |
1 |
|
|e 00014930
|
| 650 |
|
0 |
|a Java (Computer program language)
|
| 650 |
|
0 |
|a Application software
|x Development.
|
| 830 |
|
0 |
|a Java series (O'Reilly & Associates)
|
| 852 |
4 |
|
|a Ayesha Abed Library
|j General Shelf
|
| 999 |
|
|
|c 8295
|d 8295
|
| 952 |
|
|
|0 0
|1 0
|2 ddc
|4 1
|6 005_133000000000000_FLA
|7 0
|9 9538
|a BRACUL
|b BRACUL
|c SPS
|d 2010-04-28
|l 16
|m 50
|o 005.133 FLA
|p 3010014930
|r 2014-11-27
|s 2014-09-29
|t 1
|w 2010-04-28
|y BK
|x Photocopy Book. Declared as Damaged on December 10, 2023
|